[Event "BEM MT"]
[Site "Gifhorn"]
[Date "2001.09.29"]
[Round "1"]
[White "Twele, Uwe"]
[Black "Eickhoff, Hermann"]
[Result "1/2-1/2"]
[WhiteElo "2079"]
[BlackElo "1938"]
[PlyCount "93"]
[EventDate "2001.09.29"]

1. e4 c5 2. f4 d5 3. e5 Nc6 4. Nf3 Bg4 5. Bb5 e6 6. Bxc6+ bxc6 7. O-O Qb6 8.
Nc3 Ne7 9. h3 Bxf3 10. Qxf3 Nf5 11. Na4 Qb4 12. Nc3 Be7 13. a3 Qd4+ 14. Kh2 h5
15. d3 h4 16. Bd2 Rh6 17. b3 Rg6 18. Ra2 Rg3 19. Ne2 Rxf3 20. Rxf3 c4 21. Nxd4
Nxd4 22. Rf1 cxb3 23. cxb3 Nxb3 24. Bc3 Nc5 25. Rd1 Na4 26. Be1 Rb8 27. d4 Rb3
28. Rc1 Kd7 29. Bb4 Bd8 30. Rac2 c5 31. Bxc5 Nxc5 32. Rxc5 Rxa3 33. Rc6 Rd3 34.
Rd6+ Ke7 35. f5 Rxd4 36. fxe6 fxe6 37. Rcc6 Bb6 38. Rxe6+ Kf7 39. Red6 Rd1 40.
e6+ Kf6 41. Rxb6 axb6 42. Rxb6 d4 43. Rb7 Kxe6 44. Rxg7 d3 45. Rg4 d2 46. Rd4
Ke5 47. Rd8 1/2-1/2

[Event "BEM MT"]
[Site "Gifhorn"]
[Date "2001.09.29"]
[Round "1"]
[White "Othmer, Michael"]
[Black "Klettke, Wolfgang"]
[Result "1/2-1/2"]
[WhiteElo "1917"]
[BlackElo "2007"]
[PlyCount "36"]
[EventDate "2001.09.29"]

1. e4 c5 2. Nc3 g6 3. g3 Bg7 4. Bg2 e6 5. d3 Ne7 6. Nge2 Nbc6 7. O-O d6 8. Be3
Nd4 9. Rb1 Nec6 10. a3 a5 11. Qd2 O-O 12. Nf4 Bd7 13. Nce2 b5 14. c3 Nxe2+ 15.
Nxe2 Ne5 16. h3 Bc6 17. f4 Nd7 18. d4 Qe7 1/2-1/2

[Event "BEM MT"]
[Site "Gifhorn"]
[Date "2001.09.29"]
[Round "1"]
[White "Baucke, Gerrit"]
[Black "Tonndorf, Matthias"]
[Result "0-1"]
[WhiteElo "1988"]
[BlackElo "1920"]
[PlyCount "76"]
[EventDate "2001.09.29"]

1. Nc3 c5 2. e4 g6 3. g3 Bg7 4. Bg2 e6 5. d3 Ne7 6. f4 O-O 7. Nf3 d5 8. O-O
Nbc6 9. Kh1 Rb8 10. Rb1 b5 11. a3 a5 12. Ne2 b4 13. Be3 d4 14. Bf2 Qb6 15. Nd2
Ba6 16. a4 f5 17. Ng1 e5 18. Nh3 exf4 19. Nxf4 Ne5 20. exf5 Rxf5 21. Ne4 c4 22.
dxc4 Nxc4 23. Re1 Re8 24. Nd2 Ne3 25. Bxe3 dxe3 26. Nf1 Re5 27. Qf3 Nf5 28. Qc6
Qxc6 29. Bxc6 Rd8 30. g4 Nd4 31. Bd5+ Rdxd5 32. Nxd5 Rxd5 33. Nxe3 Rd8 34. Kg2
Bb7+ 35. Kh3 Bh6 36. Nc4 Nxc2 37. Re7 Rd3+ 38. Kh4 g5+ 0-1

[Event "BEM MT"]
[Site "Gifhorn"]
[Date "2001.09.29"]
[Round "1"]
[White "Garbuszus, Jürgen"]
[Black "Buchholz, Ralf"]
[Result "1/2-1/2"]
[WhiteElo "1888"]
[BlackElo "1972"]
[PlyCount "138"]
[EventDate "2001.09.29"]

1. d4 Nf6 2. c4 c5 3. Nf3 cxd4 4. Nxd4 Nc6 5. g3 g6 6. Bg2 Bg7 7. Nc2 d6 8. Nc3
Be6 9. Nd5 Bd7 10. O-O O-O 11. Bg5 Nxd5 12. cxd5 Ne5 13. Na3 h6 14. Be3 b5 15.
Bd4 a6 16. f4 Ng4 17. Bxg7 Kxg7 18. Qd4+ Kg8 19. h3 Nf6 20. Nc2 Qc8 21. Rac1
Bxh3 22. e4 Bxg2 23. Kxg2 Qc4 24. Qxc4 bxc4 25. Nd4 Nxe4 26. Nc6 e6 27. Rfe1
exd5 28. Ne7+ Kg7 29. Nxd5 Nc5 30. Rxc4 Rfe8 31. Rxe8 Rxe8 32. Nc3 Rb8 33. b4
Nd3 34. a3 Ne1+ 35. Kf2 Nc2 36. Nb1 Na1 37. Nd2 a5 38. Rc1 axb4 39. Rxa1 bxa3
40. Rxa3 d5 41. Ra5 Rd8 42. Ke3 Kf6 43. Nf3 Kf5 44. Ne5 g5 45. g4+ Kf6 46. Ra6+
Kg7 47. f5 f6 48. Ra7+ Kg8 49. Nc6 Re8+ 50. Re7 Ra8 51. Ra7 Re8+ 52. Kf3 Re4
53. Ne7+ Kf8 54. Nxd5 Rc4 55. Nxf6 Rc6 56. Nd7+ Kg8 57. Ra8+ Kh7 58. Nf8+ Kg7
59. Ne6+ Kf6 60. Ke4 Rc4+ 61. Nd4 Rc1 62. Ra6+ Kg7 63. Rg6+ Kh7 64. Ne6 Rc4+
65. Kf3 Rc3+ 66. Ke2 Rg3 67. Nxg5+ hxg5 68. Rxg5 Ra3 69. f6 Ra6 1/2-1/2

[Event "BEM MT"]
[Site "Gifhorn"]
[Date "2001.09.29"]
[Round "1"]
[White "Müller, Fabian"]
[Black "Saide, Samer"]
[Result "1-0"]
[WhiteElo "2027"]
[BlackElo "1692"]
[PlyCount "37"]
[EventDate "2001.09.29"]

1. e4 c5 2. Nc3 d6 3. f4 g6 4. Nf3 Bg7 5. Bc4 Nc6 6. O-O e6 7. d3 Nge7 8. Qe1
O-O 9. f5 exf5 10. Qh4 Qc7 11. Bh6 Ne5 12. Ng5 Nxc4 13. Bxg7 Kxg7 14. Qxh7+ Kf6
15. Qh6 Nd2 16. Nh7+ Ke5 17. Qg7+ f6 18. Qxf8 Nxf1 19. Qxf6+ 1-0

[Event "BEM MT"]
[Site "Gifhorn"]
[Date "2001.09.29"]
[Round "1"]
[White "Gabor, Gregor"]
[Black "Neumann, Ingo"]
[Result "1-0"]
[WhiteElo "1888"]
[BlackElo "1950"]
[PlyCount "89"]
[EventDate "2001.09.29"]

1. Nf3 b6 2. e4 Bb7 3. d3 e6 4. g3 Be7 5. Bg2 d6 6. a4 Nd7 7. Nc3 Ngf6 8. O-O
O-O 9. Qe2 Ne8 10. Bd2 c5 11. a5 Nc7 12. axb6 axb6 13. Rfe1 e5 14. Nd5 Nxd5 15.
exd5 Rxa1 16. Rxa1 f5 17. c4 Bc8 18. Bc3 Qe8 19. Nd2 Bg5 20. Bh3 Nf6 21. Ra8
Qf7 22. Rxc8 Rxc8 23. Bxf5 Re8 24. Be6 Rxe6 25. dxe6 Qxe6 26. f4 Bh6 27. Nf3
Kf7 28. fxe5 Ng4 29. Qe4 dxe5 30. Qxg4 Be3+ 31. Kg2 h6 32. Nxe5+ Ke7 33. Qxg7+
Kd8 34. Qf8+ Kc7 35. Qf3 Bg5 36. Qe4 Bf6 37. Qf4 Bg5 38. Qf7+ Qxf7 39. Nxf7 Bc1
40. Ne5 Kd6 41. Kf3 Ke6 42. Ke4 Bg5 43. d4 cxd4 44. Bxd4 Bd8 45. g4 1-0

[Event "BEM MT"]
[Site "Gifhorn"]
[Date "2001.09.29"]
[Round "1"]
[White "Bassy, Claus-Peter"]
[Black "Jakobeit, David"]
[Result "0-1"]
[WhiteElo "1946"]
[BlackElo "1671"]
[PlyCount "72"]
[EventDate "2001.09.29"]

1. d4 Nf6 2. Nf3 g6 3. Bg5 Bg7 4. e3 d6 5. Bd3 Nbd7 6. c3 c5 7. Nbd2 a6 8. Qc2
b5 9. a4 Rb8 10. axb5 axb5 11. O-O O-O 12. dxc5 dxc5 13. Bf4 Rb6 14. Ra7 Nd5
15. Bg3 e5 16. Rfa1 f5 17. e4 Ne7 18. Bh4 f4 19. b3 h6 20. Bxe7 Qxe7 21. Qa2 g5
22. h3 h5 23. Nh2 Qd6 24. Be2 Nf6 25. Rd1 Qc6 26. Ndf3 Nxe4 27. Qb2 c4 28. bxc4
bxc4 29. Bxc4+ Kh8 30. Bb3 Qxc3 31. Qe2 Qxb3 32. Nxe5 f3 33. Nhxf3 Nc3 34. Nf7+
Kg8 35. Nh6+ Bxh6 36. Qe7 Qxd1+ 0-1

[Event "BEM MT"]
[Site "Gifhorn"]
[Date "2001.09.29"]
[Round "2"]
[White "Jakobeit, David"]
[Black "Müller, Fabian"]
[Result "0-1"]
[WhiteElo "1671"]
[BlackElo "2027"]
[PlyCount "52"]
[EventDate "2001.09.29"]

1. e4 c5 2. Nf3 Nc6 3. d4 cxd4 4. Nxd4 Nf6 5. Nc3 e6 6. Be3 Bb4 7. f3 d5 8. Bb5
Bd7 9. Bxc6 Bxc6 10. e5 Nd7 11. f4 Qa5 12. Bd2 Qb6 13. Be3 Qa5 14. Bd2 Qa6 15.
Qe2 Qxe2+ 16. Ndxe2 Bc5 17. a3 d4 18. Na2 d3 19. cxd3 Bxg2 20. O-O-O Bxh1 21.
Rxh1 Be7 22. Nac3 O-O 23. d4 Nb6 24. Ng3 Rfd8 25. Be3 Rac8 26. Kb1 Nc4 0-1

[Event "BEM MT"]
[Site "Gifhorn"]
[Date "2001.09.29"]
[Round "2"]
[White "Tonndorf, Matthias"]
[Black "Gabor, Gregor"]
[Result "0-1"]
[WhiteElo "1920"]
[BlackElo "1888"]
[PlyCount "120"]
[EventDate "2001.09.29"]

1. e4 c6 2. d4 d5 3. e5 Bf5 4. Nc3 e6 5. Be3 Bb4 6. g4 Be4 7. f3 Bg6 8. Nge2 f6
9. exf6 gxf6 10. a3 Bd6 11. Qd2 Nd7 12. O-O-O Qc7 13. f4 e5 14. Bg2 O-O-O 15.
f5 Bf7 16. h4 exd4 17. Nxd4 Ne5 18. Bf1 Nxg4 19. Kb1 Nxe3 20. Qxe3 Bc5 21. Qf3
Bxd4 22. Rxd4 Qe5 23. Rd1 d4 24. Ne4 Nh6 25. Bd3 Nxf5 26. Qxf5+ Qxf5 27. Nd6+
Rxd6 28. Bxf5+ Kd8 29. Rhg1 Ke7 30. Rg7 Rd5 31. Re1+ Re5 32. Rf1 c5 33. h5 Kf8
34. h6 Rg8 35. Rxh7 Rxf5 36. Rxf7+ Kxf7 37. Rxf5 b6 38. Rd5 Ke6 39. Rh5 Rh8 40.
Kc1 Kf7 41. Rd5 Kg6 42. b4 cxb4 43. axb4 Rxh6 44. Rxd4 Rh7 45. c4 Rc7 46. Kd2
a5 47. bxa5 bxa5 48. Kd3 a4 49. c5 Ra7 50. c6 a3 51. c7 Rxc7 52. Ra4 Rh7 53.
Ke3 Rh3+ 54. Kf2 Rb3 55. Kg2 Kg5 56. Kf2 f5 57. Kg2 f4 58. Ra8 Kg4 59. Rg8+ Kf5
60. Ra8 Ke4 0-1

[Event "BEM MT"]
[Site "Gifhorn"]
[Date "2001.09.29"]
[Round "2"]
[White "Buchholz, Ralf"]
[Black "Twele, Uwe"]
[Result "0-1"]
[WhiteElo "1972"]
[BlackElo "2079"]
[PlyCount "116"]
[EventDate "2001.09.29"]

1. d4 d5 2. Nf3 c6 3. e3 Bf5 4. Bd3 Bg6 5. Ne5 Nf6 6. Nd2 e6 7. Nxg6 hxg6 8. c4
Nbd7 9. Qb3 Qc7 10. cxd5 Nxd5 11. Nf3 Be7 12. Bd2 g5 13. g3 g4 14. Ng1 a5 15.
a3 a4 16. Qc2 N5f6 17. Ne2 e5 18. Bf5 g6 19. Bxd7+ Nxd7 20. Bc3 Rh5 21. O-O-O
b5 22. dxe5 Nxe5 23. Nf4 Rf5 24. h3 gxh3 25. Rxh3 Nd7 26. Rh8+ Nf8 27. Qe4 Rd8
28. Rxd8+ Kxd8 29. Nd3 Kc8 30. Be5 Qd7 31. g4 Rg5 32. Bf6 Bxf6 33. Rxf8+ Kb7
34. f4 Rd5 35. Kc2 Kb6 36. g5 Bd8 37. Nb4 Rc5+ 38. Kb1 Be7 39. Rb8+ Ka7 40. Rg8
Qd1+ 41. Ka2 Qb3+ 42. Kb1 Qd1+ 43. Ka2 Qd7 44. Rg7 Bd6 45. Qd4 Kb7 46. Qf6 Rf5
47. Qd4 Qe6+ 48. Kb1 Bxb4 49. axb4 Rd5 50. Qc3 Qf5+ 51. Ka2 Rd1 52. e4 Qe6+ 53.
b3 axb3+ 54. Kb2 Qxe4 55. Rxf7+ Ka6 56. Ka3 b2 57. Qxb2 Rd3+ 58. Ka2 Qc4+ 0-1

[Event "BEM MT"]
[Site "Gifhorn"]
[Date "2001.09.29"]
[Round "2"]
[White "Klettke, Wolfgang"]
[Black "Garbuszus, Jürgen"]
[Result "1-0"]
[WhiteElo "2007"]
[BlackElo "1888"]
[PlyCount "89"]
[EventDate "2001.09.29"]

1. e4 d6 2. d4 Nf6 3. Nc3 c6 4. f4 Qa5 5. Bd3 e5 6. dxe5 dxe5 7. Bd2 Qb6 8. Qe2
Qxb2 9. Rb1 Qa3 10. fxe5 Ng4 11. Nf3 Nd7 12. e6 fxe6 13. e5 Bb4 14. Rb3 Qa5 15.
Qe4 Nc5 16. Qxb4 Nxb3 17. Qxg4 Nxd2 18. Kxd2 Bd7 19. Qh5+ Kd8 20. Qh4+ Kc7 21.
Rb1 Rad8 22. Qb4 Qxb4 23. Rxb4 c5 24. Rf4 Kb8 25. Ke3 Rhf8 26. Rxf8 Rxf8 27.
Bxh7 Bc6 28. Ne4 b6 29. Bg6 a5 30. h4 Bd5 31. a3 Kc7 32. Neg5 b5 33. Be4 Ba2
34. Nd2 b4 35. axb4 cxb4 36. Nb3 Bxb3 37. cxb3 Kd7 38. Bd3 Rc8 39. Bc4 Ke7 40.
Kd4 Rd8+ 41. Kc5 Rd2 42. Nxe6 Rxg2 43. Nd4 Rh2 44. Nf5+ Kf8 45. e6 1-0

[Event "BEM MT"]
[Site "Gifhorn"]
[Date "2001.09.29"]
[Round "2"]
[White "Eickhoff, Hermann"]
[Black "Othmer, Michael"]
[Result "1-0"]
[WhiteElo "1938"]
[BlackElo "1917"]
[PlyCount "119"]
[EventDate "2001.09.29"]

1. e4 e5 2. Nf3 Nc6 3. d4 exd4 4. Nxd4 Bc5 5. Be3 Qf6 6. c3 d6 7. Be2 Nge7 8.
O-O O-O 9. Nxc6 Nxc6 10. Bxc5 dxc5 11. Qd5 Qe7 12. Na3 Be6 13. Qd3 a6 14. f4
Rad8 15. Qg3 f6 16. b3 Rd2 17. Qe3 Rfd8 18. Rfd1 Rxd1+ 19. Rxd1 Rxd1+ 20. Bxd1
Qd6 21. Be2 b5 22. Nc2 Kf8 23. g3 Ke7 24. Kf2 Kd8 25. h4 h6 26. Qd3 Qxd3 27.
Bxd3 Ke7 28. Be2 Na7 29. h5 Nc8 30. Ne3 Nd6 31. Kf3 c6 32. g4 a5 33. c4 b4 34.
e5 Nf7 35. exf6+ Kxf6 36. Bd3 Nd6 37. Be4 Bd7 38. Bg6 Nc8 39. Bf5 Nb6 40. Bxd7
Nxd7 41. Nf5 a4 42. Nd6 axb3 43. axb3 Ke6 44. Ne4 Ke7 45. g5 Ke6 46. Kg4 hxg5
47. Kxg5 Kf7 48. Kf5 Ke7 49. Kg6 Kf8 50. Kh7 Kf7 51. Nd6+ Kf8 52. Kg6 Kg8 53.
Kf5 Nf8 54. Ne4 Kh7 55. Nxc5 Kh6 56. Nd3 Kxh5 57. Nxb4 g6+ 58. Ke4 c5 59. Nd3
Ne6 60. Kd5 1-0

[Event "BEM MT"]
[Site "Gifhorn"]
[Date "2001.09.29"]
[Round "2"]
[White "Saide, Samer"]
[Black "Baucke, Gerrit"]
[Result "0-1"]
[WhiteElo "1692"]
[BlackElo "1988"]
[PlyCount "44"]
[EventDate "2001.09.29"]

1. d4 Nf6 2. c4 e6 3. Nc3 Bb4 4. Qc2 c5 5. e3 O-O 6. Bd2 d5 7. Nf3 Nc6 8. dxc5
Bxc5 9. cxd5 exd5 10. Bd3 d4 11. exd4 Re8+ 12. Ne2 Nxd4 13. Nfxd4 Bxd4 14. Bc3
Bxc3+ 15. Qxc3 Ne4 16. Qc2 Qa5+ 17. Kf1 Bf5 18. Bxe4 Bxe4 19. Qc3 Qa6 20. Rd1
Rac8 21. Qd2 Rc2 22. Qe3 Rxe2 0-1

[Event "BEM MT"]
[Site "Gifhorn"]
[Date "2001.09.29"]
[Round "2"]
[White "Neumann, Ingo"]
[Black "Bassy, Claus-Peter"]
[Result "1-0"]
[WhiteElo "1950"]
[BlackElo "1946"]
[PlyCount "77"]
[EventDate "2001.09.29"]

1. e4 c5 2. f4 Nc6 3. Nf3 g6 4. Bc4 Bg7 5. O-O Nh6 6. Nc3 O-O 7. Nd5 e6 8. Ne3
a6 9. a4 Rb8 10. Qe2 Nd4 11. Nxd4 cxd4 12. Nd1 f5 13. d3 b5 14. axb5 axb5 15.
Bb3 Bb7 16. Bd2 Qb6 17. Kh1 Ra8 18. Rxa8 Rxa8 19. Nf2 Kh8 20. g4 fxe4 21. dxe4
Qc6 22. Re1 Nf7 23. h4 Nd6 24. Kh2 Nc4 25. Bc1 Na5 26. Ba2 Nc4 27. Bxc4 bxc4
28. h5 gxh5 29. g5 d3 30. Qxh5 Qc5 31. Ng4 c3 32. Be3 d2 33. Ra1 Rxa1 34. Bxc5
Rh1+ 35. Kxh1 d1=Q+ 36. Kh2 Qd2+ 37. Kg3 Be5 38. Qe8+ Kg7 39. Bf8+ 1-0

[Event "BEM MT"]
[Site "Gifhorn"]
[Date "2001.09.30"]
[Round "3"]
[White "Twele, Uwe"]
[Black "Klettke, Wolfgang"]
[Result "1/2-1/2"]
[WhiteElo "2079"]
[BlackElo "2007"]
[PlyCount "42"]
[EventDate "2001.09.29"]

1. e4 c5 2. f4 g6 3. Nf3 Bg7 4. Nc3 e6 5. b3 d5 6. e5 a6 7. a4 Ne7 8. Ba3 Qc7
9. Qe2 b6 10. Qf2 Nbc6 11. Be2 Bb7 12. O-O O-O 13. Rab1 Nb4 14. Bxb4 cxb4 15.
Na2 Nc6 16. Rfc1 Rfc8 17. c3 bxc3 18. Rxc3 Qd8 19. Ne1 Bf8 20. d4 Nb4 21. Rxc8
Rxc8 1/2-1/2

[Event "BEM MT"]
[Site "Gifhorn"]
[Date "2001.09.30"]
[Round "3"]
[White "Baucke, Gerrit"]
[Black "Eickhoff, Hermann"]
[Result "1/2-1/2"]
[WhiteElo "1988"]
[BlackElo "1938"]
[PlyCount "48"]
[EventDate "2001.09.29"]

1. Nc3 d5 2. e4 dxe4 3. Nxe4 Nf6 4. Ng3 e5 5. Bc4 Bd6 6. d3 O-O 7. Nf3 Nc6 8.
O-O Nd4 9. Nxd4 exd4 10. Bg5 h6 11. Bd2 Bg4 12. f3 Bd7 13. Ne4 Nxe4 14. fxe4
Qh4 15. g3 Bxg3 16. hxg3 Qxg3+ 17. Kh1 Bg4 18. Qe1 Bf3+ 19. Rxf3 Qxf3+ 20. Kh2
Rae8 21. Qg3 Qh5+ 22. Kg2 Qe2+ 23. Qf2 Qg4+ 24. Qg3 Qe2+ 1/2-1/2

[Event "BEM MT"]
[Site "Gifhorn"]
[Date "2001.09.30"]
[Round "3"]
[White "Tonndorf, Matthias"]
[Black "Neumann, Ingo"]
[Result "1-0"]
[WhiteElo "1920"]
[BlackElo "1950"]
[PlyCount "115"]
[EventDate "2001.09.29"]

1. e4 d5 2. exd5 Nf6 3. d4 Nxd5 4. Nf3 Bg4 5. c4 Nf6 6. Be2 e6 7. O-O Be7 8.
Qb3 b6 9. h3 Bh5 10. Bg5 c6 11. Rd1 Qc8 12. Nc3 O-O 13. Rac1 h6 14. Bxf6 Bxf6
15. Ne4 Nd7 16. d5 c5 17. dxe6 fxe6 18. Rd6 Bf7 19. Rcd1 Be8 20. Rxe6 Qc7 21.
Qc2 Rd8 22. b3 Bf7 23. Red6 Be7 24. R6d2 Ne5 25. Nc3 Bg6 26. Qb2 Nxf3+ 27. Bxf3
Rxd2 28. Qxd2 Bg5 29. Qd6 Qxd6 30. Rxd6 Be8 31. Bd5+ Kh8 32. Ne4 Bf4 33. Rd8
Bc7 34. Rc8 Be5 35. Bc6 Bxc6 36. Rxf8+ Kh7 37. f3 b5 38. Kf1 bxc4 39. bxc4 Bd4
40. Nxc5 Bxc5 41. Rc8 Bxf3 42. Rxc5 Bd1 43. Ra5 Bc2 44. Ke2 Be4 45. g3 Bg2 46.
h4 Kg6 47. Rxa7 Kh5 48. Rxg7 Bf1+ 49. Ke3 Bxc4 50. a4 Bb5 51. a5 Be2 52. Kf4
Bf1 53. Ra7 Kg6 54. a6 Kh5 55. g4+ Kg6 56. Rb7 Bg2 57. Rb6+ Kg7 58. a7 1-0

[Event "BEM MT"]
[Site "Gifhorn"]
[Date "2001.09.30"]
[Round "3"]
[White "Garbuszus, Jürgen"]
[Black "Jakobeit, David"]
[Result "1/2-1/2"]
[WhiteElo "1888"]
[BlackElo "1671"]
[PlyCount "120"]
[EventDate "2001.09.29"]

1. d4 Nf6 2. c4 g6 3. Nc3 Bg7 4. g3 d6 5. Bg2 O-O 6. Nf3 Nbd7 7. O-O c5 8. Qc2
a6 9. Rd1 Qc7 10. b3 Rb8 11. a4 b6 12. Bb2 Bb7 13. d5 e6 14. dxe6 fxe6 15. Ng5
Bxg2 16. Kxg2 Rbe8 17. f3 Qc6 18. a5 b5 19. cxb5 axb5 20. Qd3 b4 21. Qb5 Qc7
22. Na4 h6 23. Nh3 Nd5 24. Qd3 Bxb2 25. Nxb2 Ne5 26. Qd2 Qg7 27. Nf4 Nxf4+ 28.
gxf4 Nc6 29. Rg1 Nd4 30. Kh1 Kh7 31. Qd3 Rxf4 32. Nc4 d5 33. Ne5 Rf6 34. a6 Ra8
35. Ra5 Nf5 36. Rxc5 Qa7 37. Qb5 Qxa6 38. Rc7+ Ng7 39. Qd7 Rg8 40. Nd3 Qa2 41.
Qe7 Qxe2 42. Qxf6 Qxd3 43. Rb7 g5 44. Rxb4 Nf5 45. Rb7+ Rg7 46. Rxg7+ Nxg7 47.
h4 Nf5 48. Qf7+ Kh8 49. Qh5 Qxb3 50. hxg5 Qa4 51. Rg4 Qd1+ 52. Kh2 Qe2+ 53. Rg2
Qe5+ 54. Kh3 Qg7 55. gxh6 Qxh6 56. Qxh6+ Nxh6 57. Rg6 Nf7 58. Kg3 e5 59. Kg4 e4
60. Rf6 Kg7 1/2-1/2

[Event "BEM MT"]
[Site "Gifhorn"]
[Date "2001.09.30"]
[Round "3"]
[White "Othmer, Michael"]
[Black "Buchholz, Ralf"]
[Result "1-0"]
[WhiteElo "1917"]
[BlackElo "1972"]
[PlyCount "75"]
[EventDate "2001.09.29"]

1. e4 g6 2. d4 Bg7 3. Nf3 d6 4. Bc4 Nf6 5. Qe2 Nc6 6. c3 Na5 7. Bd3 c5 8. dxc5
dxc5 9. Be3 b6 10. h3 O-O 11. Nbd2 Bb7 12. Bf4 Nh5 13. Be3 Qc7 14. g3 Rad8 15.
O-O-O c4 16. Bc2 e5 17. Rhg1 a6 18. Nh4 b5 19. Nf5 Bc8 20. Nxg7 Nxg7 21. f4 f6
22. Qf2 Nb7 23. Bb6 Qc6 24. Bxd8 Rxd8 25. Nf3 Rxd1+ 26. Rxd1 exf4 27. gxf4 Bxh3
28. Nd4 Qc5 29. Qh4 Bd7 30. Qxf6 a5 31. Qa6 Qc7 32. Nxb5 Qxf4+ 33. Kb1 Nc5 34.
Qa8+ Qf8 35. Qxa5 Nge6 36. Qb4 Qf3 37. Qxc4 Bxb5 38. Qxb5 1-0

[Event "BEM MT"]
[Site "Gifhorn"]
[Date "2001.09.30"]
[Round "3"]
[White "Bassy, Claus-Peter"]
[Black "Saide, Samer"]
[Result "1-0"]
[WhiteElo "1946"]
[BlackElo "1692"]
[PlyCount "83"]
[EventDate "2001.09.29"]

1. d4 Nf6 2. Nf3 c5 3. d5 e6 4. c4 exd5 5. cxd5 d6 6. Bg5 a6 7. e4 Nbd7 8. Bd3
b5 9. O-O g6 10. Nbd2 Bg7 11. a4 c4 12. Be2 Bb7 13. Qc2 Nc5 14. axb5 axb5 15.
Rxa8 Qxa8 16. b3 O-O 17. bxc4 b4 18. Bxf6 Bxf6 19. Rb1 Bc3 20. h4 Re8 21. h5
Qa4 22. Bd1 Qxc2 23. Bxc2 Kg7 24. hxg6 hxg6 25. Rd1 Kf6 26. g3 Ba6 27. Rb1 g5
28. e5+ dxe5 29. Nb3 Nxb3 30. Bxb3 Rc8 31. d6 e4 32. Nh2 Ke6 33. c5+ Kd7 34.
Ba4+ Ke6 35. d7 Rd8 36. Ng4 Bc4 37. c6 Kd6 38. Ne3 Be6 39. Rd1+ Kc7 40. Nd5+
Bxd5 41. Rxd5 b3 42. Rb5 1-0

[Event "BEM MT"]
[Site "Gifhorn"]
[Date "2001.09.30"]
[Round "4"]
[White "Klettke, Wolfgang"]
[Black "Müller, Fabian"]
[Result "0-1"]
[WhiteElo "2007"]
[BlackElo "2027"]
[PlyCount "58"]
[EventDate "2001.09.29"]

1. e4 c5 2. d4 cxd4 3. c3 d3 4. c4 d6 5. Bxd3 Nf6 6. Ne2 Nbd7 7. O-O e6 8. Nbc3
Be7 9. f3 b6 10. Bf4 a6 11. Ng3 Bb7 12. Rc1 Rc8 13. Qe2 Qc7 14. Rfd1 O-O 15. b3
Qb8 16. Bb1 Rfd8 17. Kh1 Ne5 18. Bg5 h6 19. Bxf6 Bxf6 20. Nh5 Nd7 21. f4 b5 22.
Nxf6+ Nxf6 23. cxb5 axb5 24. Qxb5 Rc5 25. Qb6 Ng4 26. Kg1 Rdc8 27. Ne2 R8c6 28.
Qb4 Rxc1 29. Rxc1 Qa7+ 0-1

[Event "BEM MT"]
[Site "Gifhorn"]
[Date "2001.09.30"]
[Round "4"]
[White "Gabor, Gregor"]
[Black "Twele, Uwe"]
[Result "0-1"]
[WhiteElo "1888"]
[BlackElo "2079"]
[PlyCount "76"]
[EventDate "2001.09.29"]

1. Nf3 b6 2. e4 Bb7 3. d3 c5 4. g3 e6 5. Bg2 Be7 6. Nc3 d6 7. a4 Nc6 8. Be3 h5
9. h3 Nf6 10. Qe2 Nd7 11. d4 e5 12. dxe5 dxe5 13. Nd5 Nd4 14. Qd3 Bxd5 15. exd5
g6 16. Nxd4 cxd4 17. Bd2 Rc8 18. c3 dxc3 19. Bxc3 O-O 20. O-O Bf6 21. Qe2 Bg7
22. f4 exf4 23. Bxg7 Kxg7 24. Rxf4 Qg5 25. Qe3 Qe5 26. Qxe5+ Nxe5 27. Re4 f6
28. Re2 Rfd8 29. b4 Rc4 30. b5 Rb4 31. Rc2 Rd7 32. Rd2 Kf7 33. Kf2 Ke7 34. Bf1
h4 35. g4 Rf4+ 36. Kg2 Kd6 37. a5 f5 38. axb6 axb6 {ZUe} 0-1

[Event "BEM MT"]
[Site "Gifhorn"]
[Date "2001.09.30"]
[Round "4"]
[White "Eickhoff, Hermann"]
[Black "Tonndorf, Matthias"]
[Result "1/2-1/2"]
[WhiteElo "1938"]
[BlackElo "1920"]
[PlyCount "89"]
[EventDate "2001.09.29"]

1. e4 c5 2. Nf3 d6 3. d4 cxd4 4. Nxd4 Nf6 5. Nc3 a6 6. Be2 e6 7. O-O Be7 8. a4
Nc6 9. Be3 Bd7 10. f4 O-O 11. Kh1 Rc8 12. Nf3 Qc7 13. Qd2 Rfd8 14. Bd3 Nb4 15.
a5 Re8 16. Bb6 Qb8 17. e5 Nfd5 18. Nxd5 Nxd5 19. Bd4 Bb5 20. Bxb5 axb5 21. c3
dxe5 22. fxe5 b4 23. Ng5 Bxg5 24. Qxg5 bxc3 25. bxc3 Qc7 26. Rf3 Qe7 27. Qh5 g6
28. Qh6 Qf8 29. Qh4 Qe7 30. Qh6 Qf8 31. Qh4 Qe7 32. Qf2 Rc7 33. Rf1 Rf8 34. Qd2
Kg7 35. Rh3 Rh8 36. Qh6+ Kg8 37. Qd2 h5 38. Rhf3 Rh7 39. Rb1 Kg7 40. Qa2 Qd7
41. Rbf1 Kg8 42. a6 bxa6 43. Qxa6 Rg7 44. Qd6 Kh7 45. h3 1/2-1/2

[Event "BEM MT"]
[Site "Gifhorn"]
[Date "2001.09.30"]
[Round "4"]
[White "Jakobeit, David"]
[Black "Baucke, Gerrit"]
[Result "0-1"]
[WhiteElo "1671"]
[BlackElo "1988"]
[PlyCount "64"]
[EventDate "2001.09.29"]

1. e4 c5 2. Nf3 d6 3. d4 cxd4 4. Nxd4 Nf6 5. Nc3 g6 6. f4 Nc6 7. Be3 Bg7 8. Be2
O-O 9. O-O a5 10. Kh1 a4 11. f5 a3 12. b3 Qa5 13. Qe1 Nxe4 14. Nxc6 Qxc3 15.
Nxe7+ Kh8 16. Bg1 Qxa1 17. Qxa1 Bxa1 18. Rxa1 Bxf5 19. Nxf5 gxf5 20. Bd4+ Kg8
21. Rf1 Rfc8 22. c4 Re8 23. Bh5 Nc5 24. g3 Re4 25. Bxc5 dxc5 26. Rxf5 Re1+ 27.
Kg2 Ra1 28. Rf2 Rb1 29. Bxf7+ Kg7 30. Bd5 Rb2 31. Bxb7 Rxf2+ 32. Kxf2 Rb8 0-1

[Event "BEM MT"]
[Site "Gifhorn"]
[Date "2001.09.30"]
[Round "4"]
[White "Neumann, Ingo"]
[Black "Othmer, Michael"]
[Result "1-0"]
[WhiteElo "1950"]
[BlackElo "1917"]
[PlyCount "47"]
[EventDate "2001.09.29"]

1. e4 g6 2. f4 Bg7 3. d4 d6 4. Bc4 c5 5. Nf3 cxd4 6. c3 dxc3 7. Nxc3 Nh6 8. h3
Nc6 9. O-O Be6 10. Nd5 O-O 11. g4 Na5 12. Bd3 Bxd5 13. exd5 Bxb2 14. Bxb2 f5
15. g5 Nf7 16. Nd4 Qb6 17. Rb1 Qc5 18. Qf3 Rfc8 19. Rf2 Qb4 20. a3 Qb6 21. Ne6
Nb3 22. Kg2 Qa5 23. Rd1 Qa4 24. Bc2 1-0

[Event "BEM MT"]
[Site "Gifhorn"]
[Date "2001.09.30"]
[Round "4"]
[White "Garbuszus, Jürgen"]
[Black "Bassy, Claus-Peter"]
[Result "1-0"]
[WhiteElo "1888"]
[BlackElo "1946"]
[PlyCount "121"]
[EventDate "2001.09.29"]

1. d4 Nf6 2. c4 d5 3. cxd5 Nxd5 4. e4 Nb6 5. Be3 e6 6. Bd3 Nc6 7. Ne2 Nb4 8.
O-O Nxd3 9. Qxd3 Bd7 10. Nbc3 Be7 11. a4 a5 12. d5 Bb4 13. Bxb6 cxb6 14. d6 O-O
15. e5 Rc8 16. f4 Bc6 17. Ne4 h6 18. Rf3 g6 19. Nf6+ Kg7 20. Rg3 Rh8 21. b3 h5
22. h4 Bxd6 23. Rd1 Bc5+ 24. Nd4 Qe7 25. Kf1 Bxd4 26. Qxd4 Rhd8 27. Qa1 Qb4 28.
Kg1 Kh6 29. Rd6 Qxf4 30. Rgd3 Rxd6 31. exd6 e5 32. Qf1 Qxf1+ 33. Kxf1 Rd8 34.
d7 Kg7 35. Rd6 Kf8 36. Nd5 Bxd5 37. Rxd5 f6 38. Rd6 Ke7 39. Rxb6 Rxd7 40. Rb5
Ke6 41. Rxa5 Kf5 42. Rc5 Kg4 43. Rc4+ Kg3 44. a5 f5 45. b4 e4 46. b5 Kxh4 47.
Rb4 Rd1+ 48. Ke2 Ra1 49. a6 bxa6 50. b6 Ra2+ 51. Kd1 Ra1+ 52. Kc2 Ra2+ 53. Kc3
a5 54. Rb5 Ra3+ 55. Kc4 Rd3 56. Rd5 Rxd5 57. Kxd5 e3 58. b7 e2 59. b8=Q g5 60.
Qh2+ Kg4 61. Qh3+ 1-0

[Event "BEM MT"]
[Site "Gifhorn"]
[Date "2001.09.30"]
[Round "4"]
[White "Buchholz, Ralf"]
[Black "Saide, Samer"]
[Result "1-0"]
[WhiteElo "1972"]
[BlackElo "1692"]
[PlyCount "95"]
[EventDate "2001.09.29"]

1. d4 Nf6 2. Nf3 c5 3. e3 e6 4. Be2 d5 5. O-O Nc6 6. b3 Be7 7. Bb2 O-O 8. dxc5
Bxc5 9. c4 b6 10. cxd5 Nxd5 11. Nc3 Nxc3 12. Bxc3 Bb7 13. a3 Qxd1 14. Rfxd1
Rfd8 15. b4 Bf8 16. Rac1 Ne7 17. Ne5 Rxd1+ 18. Bxd1 Nd5 19. Bb2 Bd6 20. Nc4 Be7
21. Bf3 Rc8 22. Nd2 Bf6 23. Rxc8+ Bxc8 24. Bxf6 Nxf6 25. Kf1 Ba6+ 26. Ke1 Kf8
27. Kd1 Ke7 28. Kc2 Nd7 29. Kc3 Ne5 30. Bd1 h6 31. f4 Nd7 32. Kd4 Nf6 33. Bf3
Kd6 34. e4 Nd7 35. e5+ Ke7 36. Bc6 Nf8 37. Ne4 f6 38. Nd6 fxe5+ 39. fxe5 Kd8
40. b5 Bc8 41. Ne8 g6 42. Nd6 h5 43. Ke3 Bd7 44. Be4 Ke7 45. Kf4 Be8 46. Nc8+
Kd8 47. Nxa7 Kc7 48. Nc6 1-0